000 01503nam a2200361 i 4500
003 CO-BoRNBP
005 20230404133734.0
007 ta
008 221202s2022 ck a br 000 0dspa d
020 _a9786289528954
040 _aCO-BoRNBP
_bspa
_erda
_cCO-BoRNBP
041 1 _aspa
_hita
082 0 4 _a177.5
_bF67d
_222
100 1 _aFornasari, Eleonora
_d1985-
_eautora
_9904
245 1 0 _a10 ideas para superar el racismo
_ctexto de Eleonora Fornasari ; ilustraciones de Clarissa Corradin ; traducción de Pau Sanchis Ferrer
246 3 3 _aDiez ideas para superar el racismo
250 _aEdición especial
264 1 _aBogotá, Colombia
_bLobolunar
_c2022
300 _a39 páginas
_bilustraciones a color
_c27 cm
336 _atexto
_btxt
_2rdacontent
337 _asin mediación
_bn
_2rdamedia
338 _avolumen
_bnc
_2rdacarrier
490 0 _aPlan Nacional de Lectura y Escritura Leer es mi Cuento / Ministerio de Cultura
521 _aRecomendado para un público mayor de 9 años
534 _t10 idee per sconfigger il razzismo
545 _aIncluye datos biográficos de la autora e ilustradora al final del texto
650 1 7 _aRacismo
_xAspectos morales y éticos
_xLiteratura infantil
_2LEMB
_9913
650 1 7 _aPrejuicios
_xAspectos morales y éticos
_xLiteratura infantil
_2LEMB
_9914
650 1 7 _aValores sociales
_xLiteratura infantil
_2LEMB
_9905
700 1 _aCorradin, Clarisa
_d1992
_eilustradora
_9908
700 1 _aSanchis Ferrer, Pau
_etraductor
_9909
942 _2ddc
_cBKINF
999 _c9329
_d9329